[Event "Premier Quad, S50439"]
[Site "CCLA"]
[Date "2015.11.11"]
[Round "?"]
[White "Vecchio, Ralph"]
[Black "Silverman, Robert"]
[Result "0-1"]
[WhiteElo "1845"]
[BlackElo "1905"]

1. e4 c5 2. Nf3 d6 3. d4 Nf6 4. Nc3 a6 5. dxc5 Nc6 6. cxd6 e5 7. Bc4 Bxd6 
8. O-O O-O 9. Bg5 h6 10. Bxf6 Qxf6 11. Nd5 Qg6 12. Nb6 Rb8 13. Nxc8 Rfxc8 
14. c3 Rd8 15. Qc2 Rbc8 16. Rad1 b5 17. Bb3 Ne7 18. a3 Qf6 19. Rfe1 g5 20.
 Re3 Ng6 21. g3 Bc5 22. Rxd8+ Rxd8 23. Rd3 Rxd3 24. Qxd3 g4 25. Bd1 gxf3 
26. Qxf3 Qxf3 27. Bxf3 Ne7 28. b4 Bb6 29. Kf1 Nc8 30. Be2 Nd6 31. f3 f5 
32. exf5 Nxf5 33. Bd3 Nd6 34. Ke2 Kf7 35. g4 a5 36. Bb1 Kf6 37. Ba2 Kg5 
38. Kd3 axb4 39. cxb4 Bd4 40. Bd5 Bb2 41. a4 bxa4 42. Kc2 a3 43. Kb3 Nb5 
0-1

[Event "2015 NA Class A Ch Finals, S50179"]
[Site "CCLA"]
[Date "2015.04.27"]
[Round "?"]
[White "Vecchio, Ralph"]
[Black "Clancey, James"]
[Result "0-1"]
[WhiteElo "1849"]
[BlackElo "2019"]

1. e4 c5 2. Nf3 d6 3. d4 cxd4 4. Qxd4 Nc6 5. Bb5 Bd7 6. Bxc6 Bxc6 7. Nc3 
Nf6 8. Bg5 e6 9. O-O-O Be7 10. Rhe1 O-O 11. h3 Rc8 12. e5 dxe5 13. Qxe5 
Qc7 14. Qxc7 Rxc7 15. Rg1 Rfc8 16. Nd4 Be8 17. Rge1 Bb4 18. Re3 Bxc3 19. 
Rxc3 Rxc3 20. bxc3 Ne4 21. Be3 Nxc3 22. Rd3 Nxa2+ 23. Kd2 Nb4 24. Rb3 a5 
25. c3 Nd5 26. Rxb7 Nxc3 27. Ra7 a4 28. Ke1 Rb8 29. Bf4 Rd8 30. Bd2 Nd5 
31. Ne2 h6 32. g3 Kh7 33. Ba5 Rb8 34. f4 Rb1+ 35. Kf2 Rb2 36. Ke1 a3 37. 
Bd2 Rb3 38. Kf2 Nb6 39. Bc1 Na4 40. Nd4 Rb4 0-1

[Event "Premier Quad, S50079"]
[Site "CCLA"]
[Date "2015.03.04"]
[Round "?"]
[White "Maier, Bill"]
[Black "Vaughan, James"]
[Result "0-1"]
[WhiteElo "1972"]
[BlackElo "2296"]

1. e4 c5 2. Nf3 d6 3. d4 cxd4 4. Nxd4 e5 5. Bb5+ Nd7 6. Nf5 a6 7. Ba4 b5 
8. Bb3 Nc5 9. Ne3 Be6 10. f3 Nf6 11. Nc3 Be7 12. O-O Nxb3 13. axb3 Qb6 14.
 Kh1 O-O 15. Qd3 Rfc8 16. Ned5 Bxd5 17. Nxd5 Nxd5 18. exd5 Qd4 19. Qxd4 
exd4 20. Rf2 h5 21. g3 Rc7 22. h4 Rac8 23. c3 dxc3 24. bxc3 Rxc3 25. Bf4 
Rxb3 26. Rxa6 Rb1+ 27. Kg2 b4 28. Rb6 b3 29. Rd2 Bf6 30. Bxd6 Rc2 0-1

[Event "2015  Server Team - Div 3, S53999"]
[Site "CCLA"]
[Date "2015.10.30"]
[Round "?"]
[White "Stewart, Scott A."]
[Black "Simonson, Jay"]
[Result "1-0"]
[WhiteElo "1343"]
[BlackElo "1349"]
[Board "6"]
[WhiteTeam "Knights of the Square Table"]
[BlackTeam "Idaho Mountaineers"]

1. e4 c5 2. Nf3 d6 3. d4 cxd4 4. Nxd4 Nf6 5. Nc3 Bd7 6. Be3 Nc6 7. f3 e6 
8. Qd2 a6 9. Nb3 d5 10. exd5 exd5 11. Nxd5 Nxd5 12. Qxd5 Nb4 13. Qd2 Bf5 
14. Nd4 Nxc2+ 15. Nxc2 Qxd2+ 16. Kxd2 Rc8 17. Nd4 Bb4+ 18. Ke2 Bd7 19. Kf2
O-O 20. Rc1 Rxc1 21. Bxc1 Rd8 22. Be3 Be6 23. Nxe6 fxe6 24. Be2 Bd2 25. 
Rd1 Ba5 26. Rxd8+ Bxd8 27. Bd3 b5 28. a4 bxa4 29. Bxa6 Bf6 30. Bc1 Bd4+ 
31. Ke2 g5 32. Kd3 Bc5 33. Bxg5 Bd6 34. g3 Be5 35. Kc2 Bd4 36. Bb5 Kg7 37.
 Bxa4 h6 38. Bd2 Kg6 39. b4 h5 40. Be8+ Kf6 41. Bxh5 Kf5 42. g4+ Kf6 43. 
Bc3 Ke5 44. Bxd4+ Kxd4 45. g5 Ke5 46. g6 Kf6 47. b5 1-0

[Event "Premier Quad, S50439"]
[Site "CCLA"]
[Date "2015.11.11"]
[Round "?"]
[White "Ramsden, Jim E."]
[Black "Silverman, Robert"]
[Result "0-1"]
[WhiteElo "1789"]
[BlackElo "1905"]

1. e4 c5 2. Nf3 d6 3. d4 Nf6 4. Nc3 Qa5 5. Bd2 Qd8 6. Bc4 cxd4 7. Nxd4 Nc6
8. Bb5 Bd7 9. Bg5 e6 10. Bxc6 bxc6 11. Qf3 Be7 12. e5 dxe5 13. Nxc6 Bxc6 
14. Qxc6+ Kf8 15. Rd1 Qe8 16. Qc7 Qb8 17. Qa5 Bb4 18. Rd8+ Qxd8 19. Qxb4+ 
Kg8 20. O-O Qb6 21. Qh4 Nd5 22. Ne4 f5 23. Ng3 Qxb2 24. c4 Nb6 25. Rc1 h6 
26. Nxf5 exf5 27. c5 hxg5 28. Qxg5 Rh5 29. Qe3 Nd5 0-1

[Event "2015 Server Team Ch - Div 1, S51999"]
[Site "CCLA"]
[Date "2015.10.30"]
[Round "?"]
[White "Sherwood, Alexander"]
[Black "Weiner, Jerry"]
[Result "0-1"]
[WhiteElo "2140"]
[BlackElo "2165"]
[Board "3"]
[WhiteTeam "BCCA Rooks"]
[BlackTeam "Gustafson Winners"]

1. e4 c5 2. Nf3 d6 3. d4 cxd4 4. Nxd4 Nf6 5. Nc3 Nc6 6. Bg5 e6 7. Qd2 Be7 
8. O-O-O O-O 9. h4 a6 10. f3 Qc7 11. Kb1 Rd8 12. g4 Nxd4 13. Qxd4 b5 14. 
h5 b4 15. Ne2 Bb7 16. h6 e5 17. Qxb4 d5 18. Qc3 Qxc3 19. Nxc3 dxe4 20. f4 
exf4 21. Bxf4 Nxg4 22. hxg7 Nf2 23. Rxd8+ Rxd8 24. Rh6 Ng4 25. Rh5 Nf6 26.
 Rh1 h5 27. Be2 Kxg7 28. Rg1+ Kh7 29. Rh1 Kg6 30. Rg1+ Ng4 31. Bxg4 hxg4 
32. Rxg4+ Kf5 33. Rg7 Kf6 34. Rh7 Bc5 35. Kc1 e3 36. Rh3 Kf5 37. Ne2 Ke4 
38. Bc7 Rg8 39. a3 Rg2 40. Rh4+ Kf3 41. Kd1 Kf2 42. Ba5 Rg8 43. Be1+ Kg2 
0-1

[Event "2015 Server Team Ch - Div 1, S51999"]
[Site "CCLA"]
[Date "2015.10.30"]
[Round "?"]
[White "Caliguire, John J."]
[Black "Weiner, Jerry"]
[Result "1-0"]
[WhiteElo "2092"]
[BlackElo "2165"]
[Board "3"]
[WhiteTeam "Pennsylvania Keystones"]
[BlackTeam "Gustafson Winners"]

1. e4 c5 2. Nf3 d6 3. d4 cxd4 4. Nxd4 Nf6 5. Nc3 Nc6 6. Bg5 e6 7. Qd2 Be7 
8. O-O-O Nxd4 9. Qxd4 O-O 10. f4 h6 11. h4 a6 12. Qe3 Qc7 13. Bd3 Rd8 14. 
Kb1 Nh7 15. e5 dxe5 16. Bxh7+ Kxh7 17. Rxd8 Qxd8 18. Rd1 Qc7 19. Bxe7 Qxe7
20. fxe5 Qxh4 21. Qd3+ Kh8 22. Qd8+ Qxd8 23. Rxd8+ Kh7 24. Ne4 Kg6 25. Nd6
Kg5 26. Rxc8 Rxc8 27. Nxc8 Kf4 28. Nd6 Kg3 29. Nxf7 Kxg2 30. Nd8 Kf3 31. 
Nxe6 Ke4 32. Nxg7 Kxe5 33. Kc1 Kf6 34. Nh5+ Kg5 35. Ng3 Kf4 36. Ne2+ Ke3 
37. Kd1 Kf2 38. Nf4 Ke3 39. Nh5 Kd4 40. Ke2 b5 41. Ng3 Kd5 42. Kd3 Kc5 43.
 c3 a5 44. b3 1-0

[Event "2015 REGULAR QUAD, S50429"]
[Site "CCLA"]
[Date "2015.11.04"]
[Round "?"]
[White "Bearce, Harold L."]
[Black "Acosta, Errol"]
[Result "0-1"]
[WhiteElo "1111"]
[BlackElo "1494"]

1. e4 c5 2. Nf3 d6 3. d4 cxd4 4. Nxd4 Nf6 5. Nc3 g6 6. h3 Bg7 7. Be3 O-O 
8. Bd3 a5 9. Qd2 Bd7 10. O-O-O Nc6 11. f4 Rc8 12. a3 Qc7 13. g4 e5 14. 
fxe5 Nxe5 15. Rhf1 Nxd3+ 16. cxd3 Ne8 17. Rf2 b5 18. Rdf1 b4 0-1

[Event "2015 REGULAR QUAD, S50389"]
[Site "CCLA"]
[Date "2015.09.16"]
[Round "?"]
[White "Howard, Christopher"]
[Black "Acosta, Errol"]
[Result "0-1"]
[WhiteElo "1503"]
[BlackElo "1494"]

1. e4 c5 2. Nf3 d6 3. d4 cxd4 4. Nxd4 Nf6 5. Nc3 g6 6. Bg5 Bg7 7. Be2 Bd7 
8. O-O Nc6 9. h4 h5 10. Qd2 O-O 11. Be3 Rc8 12. f3 Ne5 13. Nd5 Nxd5 14. 
exd5 e6 15. dxe6 fxe6 16. Bg5 Qc7 17. c3 d5 18. Qd1 Nf7 19. Bd3 Nxg5 20. 
hxg5 e5 21. Bxg6 exd4 22. Bxh5 Qb6 23. cxd4 Bxd4+ 24. Kh1 Kg7 25. Rb1 Rh8 
26. g4 Be8 27. f4 Bxh5 28. gxh5 Rxh5+ 29. Qxh5 Rh8 30. Qxh8+ Kxh8 31. b3 
Qg6 32. Rbd1 Qe4+ 33. Kh2 Qe2+ 34. Kg3 Bf2+ 35. Kg2 Be1+ 0-1

[Event "2015 REGULAR QUAD, S50419"]
[Site "CCLA"]
[Date "2015.10.24"]
[Round "?"]
[White "Fullen, Peter J."]
[Black "Acosta, Errol"]
[Result "1/2-1/2"]
[WhiteElo "1359"]
[BlackElo "1494"]

1. e4 c5 2. Nf3 d6 3. d4 cxd4 4. Nxd4 Nf6 5. Nc3 g6 6. Be2 Bg7 7. O-O O-O 
8. Bg5 Bd7 9. Qd2 Nc6 10. Be3 a6 11. Rad1 Rc8 12. Bh6 Nxd4 13. Bxg7 Nxe2+ 
14. Nxe2 Kxg7 15. Qd4 e5 16. Qxd6 Qa5 17. Nc3 Rfd8 18. Rd5 Nxd5 19. Nxd5 
Be6 20. Qxe5+ Kh6 21. Qf4+ Kg7 22. Qf6+ 1/2-1/2

[Event "2015 REGULAR QUAD, S50419"]
[Site "CCLA"]
[Date "2015.10.24"]
[Round "?"]
[White "Bearce, Harold L."]
[Black "Acosta, Errol"]
[Result "0-1"]
[WhiteElo "1111"]
[BlackElo "1494"]

1. e4 c5 2. Nf3 d6 3. d4 cxd4 4. Nxd4 Nf6 5. Nc3 g6 6. Be3 Bg7 7. Be2 Bd7 
8. h3 Nc6 9. O-O Rc8 10. Qd2 Ne5 11. f4 Nc4 12. Bxc4 Rxc4 13. g4 Rxc3 14. 
Qxc3 Nxe4 15. Qd3 Nc5 16. Qe2 O-O 17. Qf2 e5 18. Nb3 Nxb3 19. cxb3 a6 20. 
Rfc1 e4 21. Rc2 d5 22. f5 Bc6 23. h4 d4 24. Bf4 e3 25. Qe1 d3 26. Rcc1 Qd5
27. Qxe3 Qg2# 0-1

[Event "2015 NA Class A Ch Finals, S50179"]
[Site "CCLA"]
[Date "2015.04.27"]
[Round "?"]
[White "Vecchio, Ralph"]
[Black "Cacas, Alexander"]
[Result "0-1"]
[WhiteElo "1849"]
[BlackElo "1891"]

1. e4 c5 2. Nf3 d6 3. d4 cxd4 4. Nxd4 Nf6 5. Nc3 g6 6. Be3 Bg7 7. Bc4 Ng4 
8. Bb5+ Kf8 9. Qf3 Nxe3 10. fxe3 e6 11. O-O-O Qe7 12. Rhf1 Bd7 13. Bc4 Nc6
14. Nxc6 Bxc6 15. Rxd6 Ke8 16. Qf4 Rf8 17. Nb5 e5 18. Qf2 a6 19. Bd5 Bxd5 
20. Rxd5 axb5 21. Rfd1 f5 22. Qe2 Rc8 23. Qxb5+ Rc6 24. Qd3 Bf6 25. exf5 
gxf5 26. Qxf5 Qg7 27. Rd6 Rxd6 28. Rxd6 Be7 29. Qc8+ Kf7 30. Qe6+ Ke8 31. 
Qc8+ Kf7 32. Qxb7 Kg8 33. Rd7 Rf1+ 34. Kd2 Rf2+ 35. Ke1 Rf7 36. Qd5 Qf6 
37. Qf3 Qxf3 38. gxf3 Bh4+ 0-1

[Event "2015 REGULAR QUAD, S50419"]
[Site "CCLA"]
[Date "2015.10.24"]
[Round "?"]
[White "Bennett, Thomas"]
[Black "Acosta, Errol"]
[Result "1-0"]
[WhiteElo "1507"]
[BlackElo "1494"]

1. e4 c5 2. Nc3 d6 3. Nf3 Nc6 4. d4 cxd4 5. Nxd4 Nf6 6. Be3 g6 7. Be2 Bg7 
8. Qd2 O-O 9. O-O Bd7 10. f4 Rc8 11. Rad1 a6 12. Nxc6 Rxc6 13. Bf3 Rc8 14.
 Bd4 b5 15. Nd5 Ne8 16. Bb6 Nc7 17. Nxc7 Rxc7 18. Qa5 Bxb2 19. Bxc7 Qc8 
20. Rd2 Bg7 21. e5 dxe5 22. fxe5 1-0

[Event "Summer Series, S50331"]
[Site "CCLA"]
[Date "2015.07.25"]
[Round "?"]
[White "Anderson, Lawrence D."]
[Black "Acosta, Errol"]
[Result "0-1"]
[WhiteElo "1435"]
[BlackElo "1494"]

1. e4 c5 2. Nf3 d6 3. d4 cxd4 4. Nxd4 Nf6 5. Nc3 g6 6. Be3 Bg7 7. f3 O-O 
8. Qd2 a6 9. O-O-O Nc6 10. g4 Nxd4 11. Bxd4 Bd7 12. Bc4 b5 13. Bb3 a5 14. 
a3 b4 15. axb4 axb4 16. Na2 Qa5 17. c3 Rfc8 18. Kb1 e5 19. cxb4 Qb5 20. 
Bc3 Ra6 0-1

[Event "2015 Server Team Ch - Div 1, S51999"]
[Site "CCLA"]
[Date "2015.10.30"]
[Round "?"]
[White "Sutton, Alan B."]
[Black "Gleyzer, Leonid"]
[Result "1/2-1/2"]
[WhiteElo "2283"]
[BlackElo "2322"]
[Board "1"]
[WhiteTeam "BCCA Kings"]
[BlackTeam "Paul Morphy's Hair"]

1. e4 c5 2. Nf3 d6 3. d4 cxd4 4. Nxd4 Nf6 5. Nc3 g6 6. Be3 Bg7 7. f3 Nc6 
8. Qd2 O-O 9. Bc4 Bd7 10. O-O-O Rb8 11. Bb3 Na5 12. Kb1 b5 13. h4 Nc4 14. 
Bxc4 bxc4 15. Ka1 h5 16. Rb1 Qa5 17. Bh6 Bxh6 18. Qxh6 Rb6 19. Qg5 Ra6 20.
 Qxa5 Rxa5 21. b3 cxb3 22. cxb3 Kg7 1/2-1/2

[Event "2015 NA Server Ch (CCLA Rules), S50169"]
[Site "CCLA"]
[Date "2015.04.27"]
[Round "?"]
[White "Gredescul, Andrea"]
[Black "Vaughan, James"]
[Result "1-0"]
[WhiteElo "2166"]
[BlackElo "2268"]

1. e4 c5 2. Nf3 d6 3. d4 cxd4 4. Nxd4 Nf6 5. Nc3 g6 6. Bc4 Bg7 7. Bb3 O-O 
8. f3 Nc6 9. Be3 Bd7 10. Qd2 Rc8 11. O-O-O Ne5 12. h4 Nc4 13. Bxc4 Rxc4 
14. h5 Nxh5 15. g4 Nf6 16. Kb1 b5 17. b3 Rc5 18. Ne6 fxe6 19. Bxc5 Ne8 20.
 Bd4 Bxd4 21. Qxd4 Rxf3 22. Rxh7 Nf6 23. Rhh1 Qb6 24. Qxb6 axb6 25. e5 
Nxg4 26. exd6 Nf2 27. Rdf1 Rf5 28. Rhg1 Kf7 29. dxe7 g5 30. Ne2 Nh3 31. 
Rh1 g4 32. Ng3 Rxf1+ 33. Rxf1+ Kxe7 34. Kb2 e5 35. Kc3 Nf4 36. Rh1 Nh3 37.
 Re1 Kf6 38. Rd1 Ke7 39. Rd5 Ke6 40. Rd2 Ng5 41. Kd3 Bc6 42. Ke3 Nf7 43. 
a3 Bf3 44. Rh2 Bd1 45. Ne4 Bf3 46. Rh4 Kf5 47. Rh5+ Kg6 48. Ng3 Kf6 49. 
Rh2 Bb7 50. Rh7 Bd5 51. Kd3 Kg6 52. Rh4 Kg5 53. Rh5+ Kg6 54. c4 bxc4+ 55. 
bxc4 Bc6 56. Rf5 Bd7 57. Rf1 Nd6 58. Rb1 b5 59. c5 Nf5 60. Nf1 Kf7 61. Ne3
Nd4 62. Ke4 Ke6 63. Nxg4 Bc6+ 64. Kd3 Kd5 65. Kc3 Bb7 66. Kb4 Nc2+ 67. Ka5
Nxa3 68. Rc1 Nc4+ 69. Kxb5 Bc6+ 70. Kb4 Nb2 71. Nf6+ Ke6 72. Rf1 Nd3+ 73. 
Kc4 Nb2+ 74. Kc3 Na4+ 75. Kb4 Nb2 76. Rb1 Nd3+ 77. Kc4 e4 78. Ng4 Kf5 79. 
Ne3+ Ke6 80. Kd4 Ne5 81. Rb8 Nf3+ 82. Kc3 Ne5 83. Rd8 Nf7 84. Rd1 Ba4 85. 
Rh1 Be8 86. Kd4 Bc6 87. Rh5 Ba8 88. Nc4 Kf6 89. Nb6 Bb7 90. Nd5+ 1-0

[Event "Premier Quad, S50079"]
[Site "CCLA"]
[Date "2015.03.04"]
[Round "?"]
[White "Maier, Bill"]
[Black "Clancey, James"]
[Result "0-1"]
[WhiteElo "1972"]
[BlackElo "2019"]

1. e4 c5 2. Nf3 d6 3. d4 cxd4 4. Nxd4 Nf6 5. Nc3 a6 6. h3 e6 7. g4 h6 8. 
Bg2 g5 9. Be3 Nbd7 10. Qe2 Ne5 11. O-O-O Bd7 12. Nf3 Ng6 13. h4 Nxg4 14. 
hxg5 Nxe3 15. Qxe3 hxg5 16. Rxh8 Nxh8 17. e5 d5 18. Nxg5 Bh6 19. f4 Ng6 
20. Nh3 Rc8 21. Kb1 Qh4 22. Rd4 Bc6 23. Qd2 Qg3 24. Bf1 Nxe5 25. Ng5 Bxg5 
26. fxg5 Nf3 27. Qe3 Qe5 28. Qxe5 Nxe5 29. Bh3 Nf3 30. Rg4 d4 31. Ne2 Be4 
32. Nxd4 Rd8 33. Rxe4 Nd2+ 34. Kc1 Nxe4 35. c3 Nxg5 0-1

[Event "2015 NA Class A Ch Finals, S50179"]
[Site "CCLA"]
[Date "2015.04.27"]
[Round "?"]
[White "Ramsden, Jim E."]
[Black "Stroup, Jim"]
[Result "0-1"]
[WhiteElo "1819"]
[BlackElo "2058"]

1. e4 c5 2. Nf3 e6 3. d4 cxd4 4. Nxd4 Nf6 5. Nc3 d6 6. g4 h6 7. h4 Nc6 8. 
Bg2 Nxd4 9. Qxd4 Nxg4 10. f3 Ne5 11. f4 Ng4 12. Bf3 h5 13. Be3 Nxe3 14. 
Qxe3 Bd7 15. O-O-O g6 16. Qd4 Rh7 17. e5 d5 18. Bxd5 exd5 19. Nxd5 Be7 20.
 Rhe1 Be6 21. Nf6+ Bxf6 22. Qa4+ Kf8 23. Rxd8+ Bxd8 24. Qb4+ Kg7 25. Qxb7 
Rc8 26. Qxa7 Bxh4 27. Rd1 Bg3 28. Rd6 Bxf4+ 29. Kb1 Bf5 30. Rf6 Bxc2+ 31. 
Ka1 Be4 32. Qxf7+ Kh8 33. Qf8+ Rxf8 34. Rxf8+ Kg7 35. Rxf4 Bf5 0-1

[Event "2015 Server Team Ch - Div 1, S51999"]
[Site "CCLA"]
[Date "2015.10.30"]
[Round "?"]
[White "Beckett, Phillip J."]
[Black "Cooper, Ronald A."]
[Result "1/2-1/2"]
[WhiteElo "1960"]
[BlackElo "1982"]
[Board "6"]
[WhiteTeam "SchemingMind B"]
[BlackTeam "BCCA Rooks"]

1. e4 c5 2. Nf3 d6 3. d4 cxd4 4. Nxd4 Nf6 5. Nc3 a6 6. Be2 e6 7. O-O Be7 
8. f4 O-O 9. Be3 Nbd7 10. Kh1 Qc7 11. a4 b6 12. Bf3 Bb7 13. Qe1 Rfe8 14. 
Rd1 Bf8 15. Qg3 Nc5 16. e5 Nce4 17. Nxe4 Nxe4 18. Bxe4 Bxe4 19. c3 Rad8 
20. Qf2 dxe5 21. fxe5 Rd5 22. Kg1 b5 23. Qf4 Bg6 24. axb5 axb5 25. Nf3 
Rxd1 26. Rxd1 h6 27. Qd4 b4 28. cxb4 Qb8 29. Rc1 Bxb4 30. Qb6 Qxb6 31. 
Bxb6 Rb8 32. Bd4 Be4 33. Kf2 Bd5 34. Rc7 Ba5 35. Rc5 Bd8 36. Rc2 Kh7 37. 
Bc5 Ba5 38. Bd4 Kg6 39. Ke3 f5 40. exf6 gxf6 41. Kf2 e5 42. Rc5 Bxf3 43. 
Rxa5 Bxg2 44. Bxe5 fxe5 45. Kxg2 Rxb2+ 46. Kf3 Kf5 47. Kg3 Rb3+ 48. Kg2 h5
1/2-1/2

[Event "2015 Server Team Ch - Div 2"]
[Site "CCLA"]
[Date "2015.10.30"]
[Round "?"]
[White "Sereni, Vincent T."]
[Black "Thomas, Gerald K."]
[Result "1-0"]
[WhiteElo "1970"]
[BlackElo "1974"]
[Board "2"]
[WhiteTeam "Queen & Knights"]
[BlackTeam "Big Red Fuzzy"]

1. e4 c5 2. Nf3 d6 3. Bc4 Nf6 4. Nc3 Nc6 5. O-O e6 6. d4 cxd4 7. Nxd4 Be7 
8. Be3 O-O 9. Qe2 a6 10. a4 Qc7 11. Nxc6 Qxc6 12. Bd3 e5 13. Bb5 Qc7 14. 
Bc4 Be6 15. Ba2 Qa5 16. Rfd1 Rac8 17. f3 h6 18. Nd5 Nxd5 19. Bxd5 Qc7 20. 
c3 Bxd5 21. Rxd5 Rfe8 22. Rc1 Qd8 23. Rcd1 Qc7 24. Rc1 Qd8 25. Qd2 Rc6 26.
 Kf1 Bf6 27. Kg1 Be7 28. h3 Bh4 29. c4 Re6 30. b3 Rb6 31. b4 Rc6 32. c5 
Qd7 33. Rd1 Be7 34. b5 axb5 35. axb5 Rc8 36. cxd6 Bh4 37. Qd3 Ra8 38. Rc5 
Rd8 39. Rc7 Qxd6 40. Qxd6 Rexd6 41. Rxd6 Rxd6 42. b6 Bd8 43. Rxb7 f6 44. 
Bc5 Rd1+ 45. Kf2 Rc1 46. Rb8 Rd1 47. Be7 1-0

[Event "2015 REGULAR QUAD, S50379"]
[Site "CCLA"]
[Date "2015.08.20"]
[Round "?"]
[White "Smiley, William R."]
[Black "Hodgkins, Neil C."]
[Result "1-0"]
[WhiteElo "1613"]
[BlackElo "1433"]

1. e4 c5 2. Nf3 d6 3. d4 cxd4 4. Nxd4 Nf6 5. Nc3 a6 6. f3 Nc6 7. Bg5 e6 8.
 Bc4 d5 9. Nxc6 bxc6 10. e5 dxc4 11. Qxd8+ Kxd8 12. exf6 g6 13. O-O-O+ Bd7
14. Rd4 h6 15. Bf4 g5 16. Be5 Rg8 17. Rhd1 Ra7 18. Rxc4 Ke8 19. Ne4 h5 20.
 g4 h4 21. h3 a5 22. Nd6+ Bxd6 23. Bxd6 Rg6 24. Be7 Rc7 25. Rc5 a4 26. Ra5
c5 27. Ra8+ 1-0

[Event "2015 Server Team Ch - Div 1, S51999"]
[Site "CCLA"]
[Date "2015.10.30"]
[Round "?"]
[White "Laine, Jari"]
[Black "Duchardt, Alexandre"]
[Result "1/2-1/2"]
[WhiteElo "2223"]
[BlackElo "2290"]
[Board "5"]
[WhiteTeam "Gustafson Winners"]
[BlackTeam "SchemingMind A"]

1. e4 c5 2. Nf3 d6 3. d4 cxd4 4. Nxd4 Nf6 5. Nc3 a6 6. h3 e6 7. g4 d5 8. 
exd5 Nxd5 9. Nde2 Bb4 10. Bg2 O-O 11. O-O Bxc3 12. Nxc3 Nxc3 13. bxc3 Qc7 
14. Rb1 Qxc3 15. Bb2 Qc7 16. Qd4 f6 17. Rfd1 Nc6 18. Qc5 Bd7 19. Qd6 Qxd6 
20. Rxd6 Rad8 21. Ba3 Bc8 22. Bxc6 bxc6 23. Rxc6 Rfe8 24. Bd6 e5 25. c4 
Be6 26. Rb7 Rc8 27. Rxa6 Ra8 28. Rc6 Rec8 29. Rxc8+ Rxc8 30. Rb8 1/2-1/2

[Event "Premier Quad, S50439"]
[Site "CCLA"]
[Date "2015.11.11"]
[Round "?"]
[White "Ramsden, Jim E."]
[Black "Stevens, Daniel L."]
[Result "0-1"]
[WhiteElo "1789"]
[BlackElo "1779"]

1. e4 c5 2. Nf3 d6 3. d4 cxd4 4. Nxd4 Nf6 5. Nc3 a6 6. h3 e6 7. g4 Nc6 8. 
Be3 Be7 9. g5 Nd7 10. h4 O-O 11. f4 Nxd4 12. Qxd4 b5 13. O-O-O Bb7 14. Rg1
Qa5 15. h5 b4 16. h6 e5 17. Nd5 exd4 18. Nxe7+ Kh8 19. Bxd4 Ne5 20. hxg7+ 
Kxg7 21. Nf5+ Kh8 22. Nxd6 b3 23. a3 bxc2 24. Rd2 Rac8 25. Bc4 Kg8 26. 
Bxe5 Rxc4 27. Nf5 Rd8 28. Rd6 Rxd6 29. Ne7+ Kf8 30. Bxd6 Ke8 31. g6 Qb6 
0-1

[Event "2015 Server Team Ch - Div 1, S51999"]
[Site "CCLA"]
[Date "2015.10.30"]
[Round "?"]
[White "Pinchon, Francois"]
[Black "Zaas, Peter S."]
[Result "1/2-1/2"]
[WhiteElo "2307"]
[BlackElo "2333"]
[Board "3"]
[WhiteTeam "SchemingMind A"]
[BlackTeam "Paul Morphy's Hair"]

1. e4 c5 2. Nf3 d6 3. d4 cxd4 4. Nxd4 Nf6 5. Nc3 a6 6. h3 g6 7. g4 Bg7 8. 
Be3 O-O 9. Bg2 e5 10. Nde2 Be6 11. Qd2 b5 12. g5 Nh5 13. O-O-O Nd7 14. Kb1
Nb6 15. Qxd6 Qxd6 16. Rxd6 Nc4 17. Rc6 Nxe3 18. fxe3 Rfc8 19. Rxc8+ Rxc8 
20. Nd5 Bf8 21. Bf3 Ng7 22. Nf6+ Kh8 23. Ng4 Bxg4 24. Bxg4 Rd8 25. Nc3 h5 
26. Be2 Bc5 27. Nd5 Nf5 28. Rd1 1/2-1/2

[Event "2015 NA Class A Ch Finals, S50179"]
[Site "CCLA"]
[Date "2015.04.27"]
[Round "?"]
[White "Cacas, Alexander"]
[Black "Clancey, James"]
[Result "0-1"]
[WhiteElo "1891"]
[BlackElo "2019"]

1. e4 c5 2. Nf3 d6 3. d4 cxd4 4. Nxd4 Nf6 5. Nc3 a6 6. Be3 Ng4 7. Bg5 h6 
8. Bh4 g5 9. Bg3 Bg7 10. Qd2 O-O 11. Be2 Nc6 12. Nb3 a5 13. a4 Nf6 14. O-O
Be6 15. Rfe1 d5 16. exd5 Nxd5 17. Nxd5 Qxd5 18. Rab1 Rfd8 19. Qxd5 Bxd5 
20. Nc5 Nd4 21. Bd3 Rac8 22. c3 Rxc5 23. cxd4 Bxd4 24. Rxe7 Bc6 25. b3 f5 
26. Bc4+ Rxc4 27. bxc4 f4 28. Bxf4 gxf4 29. Rbe1 Bc5 30. R7e2 Bxa4 31. Ra2
Bb4 32. Rc1 Bb3 33. Raa1 a4 0-1

[Event "2015 REGULAR QUAD, S50259"]
[Site "CCLA"]
[Date "2015.06.10"]
[Round "?"]
[White "Bearce, Harold L."]
[Black "Rager, Mark"]
[Result "0-1"]
[WhiteElo "1095"]
[BlackElo "1400"]

1. e4 c5 2. Nf3 d6 3. d4 cxd4 4. Nxd4 Nf6 5. Nc3 a6 6. Be3 e5 7. Nb3 Nc6 
8. f3 Be6 9. Be2 Ne7 10. Nd2 d5 11. O-O d4 12. Nb3 dxe3 13. Bd3 Nc6 14. a3
Qb6 15. Ne2 Rd8 16. Re1 Nh5 17. g3 f5 18. exf5 Bxb3 19. cxb3 e4 20. fxe4 
Ne5 21. Nc1 e2+ 0-1

[Event "Winter Series, S50041"]
[Site "CCLA"]
[Date "2015.01.28"]
[Round "?"]
[White "Smiley, William R."]
[Black "Strelecky, Rich"]
[Result "1/2-1/2"]
[WhiteElo "1587"]
[BlackElo "1667"]

1. e4 c5 2. Nf3 d6 3. d4 cxd4 4. Nxd4 Nf6 5. Nc3 a6 6. Be3 e5 7. Nb3 Be6 
8. Nd2 d5 9. exd5 Bxd5 10. Qe2 Bb4 11. Nxd5 Nxd5 12. c3 Be7 13. Rd1 O-O 
14. Nc4 Nc6 15. Nb6 Nd4 16. Bxd4 Nxb6 17. Bxb6 Qxb6 18. Qc2 Qc6 19. f3 
Bh4+ 20. g3 Qxf3 21. Qg2 Qe3+ 22. Be2 Bg5 23. Qf2 b5 24. O-O Qxf2+ 25. 
Kxf2 e4 26. Rd7 g6 27. Rfd1 Rad8 28. Rxd8 Bxd8 29. Rd7 Bb6+ 30. Kg2 Be3 
31. c4 bxc4 32. Bxc4 a5 33. b3 Bc5 34. Rc7 Bb4 35. Kf2 Bd2 36. Ke2 e3 37. 
h3 Kg7 38. Rb7 Kf6 39. Rc7 Kg7 40. Rb7 1/2-1/2

[Event "2015 Server Team Ch - Div 1, S51999"]
[Site "CCLA"]
[Date "2015.10.30"]
[Round "?"]
[White "Zaas, Peter S."]
[Black "Sherwood, Alexander"]
[Result "1-0"]
[WhiteElo "2333"]
[BlackElo "2140"]
[Board "3"]
[WhiteTeam "Paul Morphy's Hair"]
[BlackTeam "BCCA Rooks"]

1. e4 c5 2. Nf3 d6 3. d4 cxd4 4. Nxd4 Nf6 5. Nc3 a6 6. Be3 e5 7. Nb3 Be6 
8. f3 h5 9. Nd5 Bxd5 10. exd5 Nbd7 11. Qd2 g6 12. O-O-O b5 13. Na5 Rc8 14.
 Kb1 Nb6 15. a4 Nbxd5 16. Bg5 Qd7 17. c4 bxc4 18. Bxc4 Rc5 19. b4 Rxc4 20.
 Nxc4 Be7 21. Bxf6 Nxf6 22. Nxd6+ Kf8 23. Rhe1 Kg7 24. Rxe5 Rd8 25. Nf5+ 
Qxf5+ 26. Rxf5 Rxd2 27. Rxd2 gxf5 28. b5 axb5 29. a5 Bc5 30. a6 Kf8 31. 
Rd8+ Ke7 32. Rc8 Be3 33. a7 Bxa7 34. Rc7+ Ke6 35. Rxa7 Nd5 36. Ra6+ 1-0

[Event "2015 Server Team Ch - Div 1, S51999"]
[Site "CCLA"]
[Date "2015.10.30"]
[Round "?"]
[White "Sherwood, Helen"]
[Black "Zaas, Donald"]
[Result "1/2-1/2"]
[WhiteElo "2303"]
[BlackElo "2262"]
[Board "2"]
[WhiteTeam "BCCA Rooks"]
[BlackTeam "Paul Morphy's Hair"]

1. e4 c5 2. Nf3 d6 3. d4 cxd4 4. Nxd4 Nf6 5. Nc3 a6 6. Be3 e5 7. Nb3 Be6 
8. f3 Be7 9. Qd2 Nbd7 10. g4 h6 11. h4 b5 12. O-O-O Nb6 13. Qf2 Nfd7 14. 
Kb1 Qc7 15. Nd5 Bxd5 16. exd5 Nc4 17. f4 a5 18. Bc1 a4 19. Nd2 exf4 20. 
Qxf4 Rc8 21. Nxc4 bxc4 22. Rh3 Bf6 23. Qe4+ Be5 24. g5 Qb6 25. gxh6 Rxh6 
26. Bxc4 Rf6 27. Re1 Kf8 28. c3 Rf2 29. h5 f5 30. Qd3 Kg8 31. a3 Nf6 32. 
Qe3 1/2-1/2

[Event "2015 Server Team Ch - Div 1, S51999"]
[Site "CCLA"]
[Date "2015.10.30"]
[Round "?"]
[White "Weiss, Lester P."]
[Black "Smyth, Sandy"]
[Result "1/2-1/2"]
[WhiteElo "2123"]
[BlackElo "1945"]
[Board "5"]
[WhiteTeam "Pennsylvania Keystones"]
[BlackTeam "BCCA Rooks"]

1. e4 c5 2. Nf3 d6 3. d4 cxd4 4. Nxd4 Nf6 5. Nc3 a6 6. Be3 e5 7. Nb3 Be6 
8. f3 Be7 9. Qd2 O-O 10. O-O-O a5 11. a4 Nc6 12. g4 Nb4 13. Kb1 d5 14. g5 
Nxe4 15. fxe4 d4 16. Nxd4 exd4 17. Bxd4 Bxg5 18. Qf2 Bh4 19. Qf4 Qe7 20. 
Rg1 g6 21. Qe5 f6 22. Qf4 f5 23. Bh3 Bf6 24. Bxf6 Qxf6 25. Rdf1 Qd4 26. 
exf5 Qxf4 27. Rxf4 Rae8 28. Nb5 Ba2+ 29. Ka1 Bd5 30. Nd4 Re3 31. Bg4 Kh8 
32. Rff1 Nc6 33. Nxc6 bxc6 34. fxg6 Rxf1+ 35. Rxf1 Re4 36. Bf5 Rxa4+ 37. 
Kb1 hxg6 38. Bxg6 Rh4 39. Rf2 Kg7 40. Bd3 a4 41. Kc1 Rb4 42. c4 Bf7 43. 
Kc2 c5 44. Rf4 Bg8 45. Rg4+ Kh8 46. Re4 Bf7 47. Rf4 Bg8 48. Rg4 1/2-1/2